Экономика машиностроения: учебник

Bibliographische Detailangaben
1. Verfasser: Гуреева М. А. Марина Алексеевна
Zusammenfassung:Учебник предназначен для изучения предмета «Экономика отрасли» и является частью учебно-методического комплекта по специальности «Технология машиностроения». Изложены экономические основы производства, вопросы формирования и использования материальных, трудовых и финансовых ресурсов, планирования и управления затратами, денежными средствами, бюджетирования и налогообложения предприятия. Рассмотрены результаты производственной деятельности, финансовые отношения и внешнеэкономическая деятельность предприятия. Особое внимание уделено технико-экономическому анализу инженерных решений, методам оценки экономической эффективности инвестиций, инновационной деятельности предприятия. Для студентов учреждений среднего профессионального образования.
Sprache:Russisch
Veröffentlicht: Москва, Академия, 2010
Schriftenreihe:Среднее профессиональное образование. Машиностроение
Schlagworte:
Format: MixedMaterials Buch
KOHA link:https://koha.lib.tpu.ru/cgi-bin/koha/opac-detail.pl?biblionumber=238473

MARC

LEADER 00000nam0a2200000 4500
001 238473
005 20231101231617.0
010 |a 9785769562419 
035 |a (RuTPU)RU\TPU\book\259665 
090 |a 238473 
100 |a 20130527d2010 m y0rusy50 ca 
101 0 |a rus 
102 |a RU 
105 |a y j 001zy 
200 1 |a Экономика машиностроения  |e учебник  |f М. А. Гуреева 
210 |a Москва  |c Академия  |d 2010 
215 |a 240 с. 
225 1 |a Среднее профессиональное образование. Машиностроение 
320 |a Библиогр.: с. 232-234. 
330 |a Учебник предназначен для изучения предмета «Экономика отрасли» и является частью учебно-методического комплекта по специальности «Технология машиностроения». Изложены экономические основы производства, вопросы формирования и использования материальных, трудовых и финансовых ресурсов, планирования и управления затратами, денежными средствами, бюджетирования и налогообложения предприятия. Рассмотрены результаты производственной деятельности, финансовые отношения и внешнеэкономическая деятельность предприятия. Особое внимание уделено технико-экономическому анализу инженерных решений, методам оценки экономической эффективности инвестиций, инновационной деятельности предприятия. Для студентов учреждений среднего профессионального образования. 
606 1 |a Машиностроение  |x Экономика  |2 stltpush  |3 (RuTPU)RU\TPU\subj\41496  |9 61286 
610 1 |a машиностроительная промышленность 
610 1 |a машиностроительные предприятия 
610 1 |a отраслевая структура 
610 1 |a ресурсы 
610 1 |a основные фонды 
610 1 |a оборотные средства 
610 1 |a персонал 
610 1 |a производственная деятельность 
610 1 |a машиностроительная продукция 
610 1 |a ценообразование 
610 1 |a технико-экономический анализ 
610 1 |a инженерные проекты 
610 1 |a инвестиции 
610 1 |a инновационная деятельность 
610 1 |a внешнеэкономическая деятельность 
610 1 |a учебные пособия 
675 |a 621.002:658(075.8)  |v 3 
700 1 |a Гуреева  |b М. А.  |g Марина Алексеевна 
801 1 |a RU  |b 63413507  |c 20130527 
801 2 |a RU  |b 63413507  |c 20150601  |g RCR 
942 |c BK 
959 |a 84/20130422  |d 7  |e 389,00  |f ЧЗТЛ:1  |f АНЛ:1  |f УФ:5